000 00380nam a2200157Ia 4500
008 160316s1998 xxu||||| |||| 00| 0 eng d
082 _a344.046000
_bCSE
100 _a
245 _aNonfence: Biodiversity conservation through protected areas
250 _a
260 _aNew Delhi
_bCSE
_c1998
300 _a4
_b
_c
365 _b
650 _a1. Biodiversity
700 _a
_a
999 _c37115
_d37115